LEADER 00930nam0 2200277 450 001 000008579 005 20071116141707.0 010 $a280041331X 100 $a20071116a2004----km-y0itay50------ba 101 0 $afre 102 $aBE 105 $ay-------001yy 200 1 $a<>harmonisation des législations$econdition de l'espace pénal européen et révélateur de ses tensions$fAnne Weyembergh$gpreface de Gilles De Kerchove 210 $aBruxelles$cEditions de l'Université de Bruxelles$dc2004 215 $aX, 404 p.$d24 cm 225 2 $aEtudes européennes 410 0$12001$aEtudes européennes 606 $aDiritto penale - Europa 676 $a345.4$v20 700 1$aWeyembergh,$bAnne$0307534 702 1$aKerchove,$bGilles : de 801 0$aIT$bUNIPARTHENOPE$gRICA$2UNIMARC 912 $a000008579 951 $aH0161$b000485$cNAVA3$d20071116 996 $aHarmonisation des legislations$9743980 997 $aUNIPARTHENOPE